000 00434nam a2200169Ia 4500
008 221030s9999 xx 000 0 und d
020 _a9339218310
041 _aEnglish
100 _aC. Hamacher
245 0 _aComputer Organization & EMBEDDED SYSTEMS
_cby C. Hamacher, Z. Vranesic
250 _a6th
260 _bMcGraw - Hill Pub.
_aNew Delhi
_c2012
300 _a710
650 _aCivil
700 _aZ. Vranesic
942 _cBK
999 _c18270
_d18270